Churchill y los generales

Saved in:
Bibliographic Details
Main Author: Pitt, Barrie (Author)
Format: Book
Language:Spanish
Published: Buenos Aires Javier Vergara 1981
Series:Libros de guerra
Subjects:
Tags: Add Tag
No Tags, Be the first to tag this record!

MARC

LEADER 00000nam a2200000 a 4500
001 UCY9911
003 CL-VaPUC
008 950724e19810000AG |||||||||||||||||spa|d
082 0 4 |a 941.084  |b PIT  |2 21 
100 0 |a Pitt, Barrie  |e author  |9 342457 
245 1 0 |a Churchill y los generales 
300 |a 279 p 
942 |c BK 
945 |d 19950724 00:00:00  |a mfernand 
260 |a Buenos Aires  |b Javier Vergara  |c 1981 
600 0 7 |a CHURCHILL, WINSTON S  |2 CL-VaPUC  |9 342458 
600 0 |a Montgomery of Alamein, Bernard Law,  |d 1887-1976  |9 342459 
600 0 7 |a WAVELL, ARCHIBALD PERCIVAL  |2 CL-VaPUC  |9 342460 
600 0 7 |a BROOKE, ALEXANDER  |2 CL-VaPUC  |9 342461 
650 7 |a GUERRA MUNDIAL II, 1939 - 1945  |2 CL-VaPUC  |9 267781 
650 0 |a Historia  |9 255047 
651 0 |a Europa  |9 255156 
651 0 |a Inglaterra  |9 255158 
583 |a last modification  |c 19950724 00:00:00  |k Rodrigo Vera 
490 0 |a Libros de guerra 
999 |c 236898  |d 236896 
952 |0 0  |1 0  |4 0  |6 941_084000000000000_PIT_1981  |7 0  |8 A  |9 245291  |a BIBEDU  |b BIBEDU  |d 2019-11-18  |i 1539256  |o 941.084 PIT 1981  |p 1539256  |r 2019-11-18  |w 2019-11-18  |y BK  |k EDU